00457 2200193 4500001002100000005001500021035002000036007000300056008004100059020002200100082000800122084001400130100001000144245003600154260002600190300001600216650001200232856001900244INLIS00000000000817220260127105027 a0010-0126000169ta260127 0 ind  a978-979-044-483-6 a615 a615 JAN s0 aJANTI1 aSISTEM KEKEBALAN TUBUH /cJANTI aJAKARTA :bEGC,c2014 a86 ;c21 cm 4aFARMASI aALUMNI FARMASI